Letter writer for gentlemen (Record no. 128950)

MARC details
000 -LEADER
fixed length control field 00572nam a2200241Ia 4500
003 - CONTROL NUMBER IDENTIFIER
control field OSt
005 - DATE AND TIME OF LATEST TRANSACTION
control field 20260218101217.0
008 - FIXED-LENGTH DATA ELEMENTS--GENERAL INFORMATION
fixed length control field 210210b xxu||||| |||| 00| 0 eng d
040 ## - CATALOGING SOURCE
Transcribing agency AL
041 ## - LANGUAGE CODE
Language code of text/sound track or separate title eng
082 ## - DEWEY DECIMAL CLASSIFICATION NUMBER
Classification number 425/157
100 ## - MAIN ENTRY--PERSONAL NAME
Personal name Johnson
9 (RLIN) 255533
245 ## - TITLE STATEMENT
Title Letter writer for gentlemen
260 ## - PUBLICATION, DISTRIBUTION, ETC.
Place of publication, distribution, etc. London
Name of publisher, distributor, etc. Ward Lock & Co Ltd.,
650 ## - SUBJECT ADDED ENTRY--TOPICAL TERM
Topical term or geographic name entry element writer
9 (RLIN) 255534
650 ## - SUBJECT ADDED ENTRY--TOPICAL TERM
Topical term or geographic name entry element Letter
9 (RLIN) 255535
650 ## - SUBJECT ADDED ENTRY--TOPICAL TERM
Topical term or geographic name entry element gentlemen
9 (RLIN) 255536
650 ## - SUBJECT ADDED ENTRY--TOPICAL TERM
Topical term or geographic name entry element for
9 (RLIN) 255537
690 ## - LOCAL SUBJECT ADDED ENTRY--TOPICAL TERM (OCLC, RLIN)
Topical term or geographic name as entry element Journalism
9 (RLIN) 255538
700 ## - ADDED ENTRY--PERSONAL NAME
Personal name Harris
9 (RLIN) 255539
906 ## - LOCAL DATA ELEMENT F, LDF (RLIN)
a 005933
942 ## - ADDED ENTRY ELEMENTS (KOHA)
Source of classification or shelving scheme Dewey Decimal Classification
Koha item type Book
Holdings
Withdrawn status Lost status Damaged status Not for loan Collection code Home library Current library Shelving location Date acquired Cost, normal purchase price Total Checkouts Full call number Barcode Date last seen Price effective from Koha item type
          St Aloysius Library St Aloysius Library   02/17/2021 0.00   425/157 005933 02/17/2021 02/17/2021 Book